000 00912nam a2200253 i 4500
001 180564
003 ES-MaACL
005 20250620063022.0
008 120613s1971 sp af |||| |bspa d
080 _a75Rembrandt
100 0 _aRembrandt Harmenszoon van Rijn,
_d1606-1669
_996120
245 1 3 _aLa obra pictórica completa de Rembrandt /
_cintroducción de Giovanni Arpino ; biografía y estudios críticos de Paolo Lecaldano.
260 _aBarcelona :
_bNoguer,
_c[1971] (
_fRizzoli)
300 _a144 p. :
_bil. col. y n. ;
_c32 cm.
490 1 _aClásicos del arte ;
_v19
500 _aÍndices.
504 _aBibliografía: p. [82]
600 0 4 _aRembrandt Harmenszoon van Rijn,
_d1606-1669
_996120
700 1 _aArpino, Giovanni.
_923189
700 1 _aLecaldano, Paolo.
_971044
830 0 _aClásicos del arte ;
_v19
_9191252
852 _aES-MaACL
_jL-31054
999 _c180564
_d180564